Statistics for Top 10 lakers players of all-time

Click here to take the quiz!

General Stats

  • This quiz has been taken 24 times
  • The average score is 7 of 9

Answer Stats

HintAnswer% Correct
34Shaquille O'Neal
100%
8/24Kobe Bryant
96%
6/23Lebron James
96%
44Jerry West
91%
32Magic Johnson
91%
42James Worthy
65%
22Elgin Baylor
61%
13Wilt Chamberlain
57%
99George Mikan
52%

Score Distribution

Percentile by Number Answered

Percent of People with Each Score

Your Score History

You have not taken this quiz